Tomorrow's workplace (Record no. 81098)

MARC details
000 -LEADER
fixed length control field 00996cab a22002175a 4500
001 - CONTROL NUMBER
control field L146243
008 - FIXED-LENGTH DATA ELEMENTS--GENERAL INFORMATION
fixed length control field 081217s2008 xxkad f 000 0 eng d
035 ## - SYSTEM CONTROL NUMBER
System control number (Sirsi) u146243
041 0# - LANGUAGE CODE
Language code of text/sound track or separate title eng
100 1# - MAIN ENTRY--PERSONAL NAME
Personal name Saurin, Ruth
245 00 - TITLE STATEMENT
Title Tomorrow's workplace
Remainder of title a futures approach using prospective through scenarios
260 ## - PUBLICATION, DISTRIBUTION, ETC.
Date of publication, distribution, etc. 2008
490 #0 - SERIES STATEMENT
Series statement Journal of Corporate Real Estate
Volume/sequential designation 10(4) 2008, 243-262(19)
520 ## - SUMMARY, ETC.
Summary, etc. Aims to show how to use a scenario planning futures approach in the workplace environment. Discusses the 'prospective through scenario' process for 'exploring and shaping the future' as developed at the Futures Academy at the Dublin Institute of Technology. Finds that the 'future studies' approach can deal effectively with change, uncertainty and complexity in the workplace.
590 ## - LOCAL NOTE (RLIN)
Local note KA
651 #4 - SUBJECT ADDED ENTRY--GEOGRAPHIC NAME
Geographic name United Kingdom
Chronological subdivision
690 ## - LOCAL SUBJECT ADDED ENTRY--TOPICAL TERM (OCLC, RLIN)
Topical term or geographic name as entry element PROPERTY-COMMERCIAL PROPERTY-OFFICE PROPERTY-OFFICES
700 1# - ADDED ENTRY--PERSONAL NAME
Personal name Ratcliffe, John
700 1# - ADDED ENTRY--PERSONAL NAME
Personal name Puybaraud, Marie
942 ## - ADDED ENTRY ELEMENTS (KOHA)
Suppress in OPAC 0
Holdings
Withdrawn status Lost status Source of classification or shelving scheme Damaged status Not for loan Home library Current library Shelving location Date acquired Total Checkouts Full call number Barcode Date last seen Copy number Price effective from Koha item type
    Dewey Decimal Classification     London London Journal article 17/12/2008   L146243 146243-1001 06/08/2019 1 06/08/2019 Journal article